000 00656nam a2200253Ia 4500
003 OSt
005 20220918204930.0
006 a|||||r|||| 00| 0
007 ta
008 220917b |||||||| |||| 00| 0 eng d
024 _a114,795
037 _cTextual
040 _aARTS
_cARTS
_beng
041 _2eng
_aeng
082 _aV58:51.N1z7, L2
100 _aTimber Lake C E
_9113667
111 _am
_9113668
245 0 _aEssays on Russian Liberalism
260 _aMissouri
_bUniv
_c1972
300 _axii, 192p.
_ccm.
650 _aHISTORY
942 _hV58:51.N1z7, L2
_cTEXL
_2CC
999 _c238125
_d238125